000
00260nam a2200097Ia 4500
001
1160902
005
20250827011615.0
008
250824s9999 xx 000 0 und d
245
0
_a
SEN YOLA ÇIK YOL SANA GÖRÜNÜR
_c
HAKAN MENGÜÇ
260
_b
DESTEK YAYINLARI
999
_c
1160902
_d
1160902